|
|
|
|
| LEADER |
00792nab a2200193 i 4500 |
| 001 |
misc9271 |
| 005 |
20191106143524.0 |
| 008 |
170607s1914 hu o 0|| hun d |
| 022 |
|
|
|a 0025-0260
|
| 040 |
|
|
|a SZTE Miscellanea Repozitórium
|b hun
|
| 041 |
|
|
|a hun
|
| 100 |
1 |
|
|a Imre Sándor
|
| 245 |
1 |
0 |
|a K. F. Sturm
|h [elektronikus dokumentum] :
|b Die nationale Einheitsschule : Leipzig : Klinkhardt, 1913 /
|c Imre Sándor
|
| 260 |
|
|
|c 1914
|
| 300 |
|
|
|a 301-302
|
| 490 |
0 |
|
|a Magyar pedagógia : a Magyar Tudományos Akadémia Pedagógiai Bizottságának folyóirata
|v 23
|
| 695 |
|
|
|a Iskolaügy Németország 1914, Népiskola, Egységes iskola, Németország oktatásügye
|
| 700 |
0 |
1 |
|a Sturm Karl Friedrich
|e aut
|
| 856 |
4 |
0 |
|u http://misc.bibl.u-szeged.hu/9271/1/mp_1914_2038_301-302.pdf
|z Dokumentum-elérés
|